[Event "CRO-ch U11"]
[Site "Trogir"]
[Date "2016.06.25"]
[Round "8"]
[White "Bralic, Luka"]
[Black "Hajpek, Erik"]
[Result "1/2-1/2"]
[WhiteElo "1213"]
[BlackElo "1701"]
[PlyCount "39"]
[EventDate "2016.06.21"]
[EventType "swiss"]
[EventRounds "9"]
[EventCountry "CRO"]
[SourceTitle "EXT 2017"]
[Source "ChessBase"]
[SourceDate "2016.10.25"]
[SourceVersion "1"]
[SourceVersionDate "2016.10.25"]
[SourceQuality "1"]

1. e4 e5 2. Nf3 Nc6 3. Bc4 Bc5 4. d3 Nf6 5. Nc3 d6 6. h3 Na5 7. Bb3 Nxb3 8. axb3 c6 9. 0-0 h6 10. Be3 Bb6 11. Na4 Bc7 12. c4 0-0 13. Nc3 a6 14. d4 Be6 15. dxe5 dxe5 16. Qxd8 Raxd8 17. Rad1 Rd7 18. Rxd7 Nxd7 19. Rd1 f6 20. b4 1/2-1/2